Normal view
MARC view
- An introduction to nonlinear partial differential equations
Entry Uniform Title
001 - CONTROL NUMBER
- control field: 12574
003 - CONTROL NUMBER IDENTIFIER
- control field: NUST
005 - DATE AND TIME OF LATEST TRANSACTION
- control field: 20181105064055.0
008 - FIXED-LENGTH DATA ELEMENTS
- fixed length control field: 181105|| aca||aabn | a|a d
040 ## - CATALOGING SOURCE
- Original cataloging agency: NUST
- Transcribing agency: NUST
130 ## - HEADING--UNIFORM TITLE
- Uniform title: An introduction to nonlinear partial differential equations
670 ## - SOURCE DATA FOUND
- Source citation: Work cat.: (NUST)0: Logan, J. David (John David) 12573, An introduction to nonlinear partial differential equations , c1994.
